Supermärkte nach Filialen-Anzahl - Statistiken

Allgemein
  • Dieses Quiz wurde 413 mal gespielt
  • Das Durchschnittsergebnis liegt bei 7 aus 10
Antwortstatistiken
Hint Antwort % Korrekt
4.200 Aldi
98%
3.200 Lidl
98%
11.000 Edeka
96%
3.700 Rewe
95%
4.200 Netto
92%
2.150 Penny
83%
700 Kaufland
78%
270 Real
35%
90 Globus
26%
280 Tegut
13%
Keine übereinstimmenden Quizze gefunden
Verteilung der Resultate
Anzahl Personen mit jedem Resultat
Perzentil nach korrekt beantworteten Fragen
Ihre Resultats-Entwicklung
Sie haben dieses Quiz noch nicht gespielt